| 000 | 00404nam a2200133 a 4500 | ||
|---|---|---|---|
| 001 | 000033359 | ||
| 005 | 20200930070213.0 | ||
| 008 | 110825s1932 dr 000 0 spa d | ||
| 040 |
_aDO-SdBNP _bspa _cBNPHU |
||
| 100 | 1 |
_aCastellanos, Rafael C. _954014 |
|
| 245 | 1 | 0 |
_aFisonomia del General Luperón / _cRafael C. Castellanos :. |
| 260 |
_aSanto Domingo : _bDios y Patria, _c1932. |
||
| 300 |
_a71 p. ; _c22 cm. |
||
| 999 |
_c32850 _d32850 |
||